| 000 | 00364nam a2200121 a 4500 | ||
|---|---|---|---|
| 001 | 000006604 | ||
| 005 | 20200929153947.0 | ||
| 008 | 090901s1996 dr 000 0 spa d | ||
| 040 |
_aDO-SdBNP _bspa _cBNPHU |
||
| 245 | 0 | 0 | _a100 días de trabajo y de servicio para el pueblo. |
| 260 |
_aSanto Domingo : _bAlfa y Omega, _c1996. |
||
| 300 |
_a144 p. : _bils., retrs. ; _c24 cm. |
||
| 999 |
_c6395 _d6395 |
||